Il Quinto Cavaliere Romanzo

Sparad:
Bibliografiska uppgifter
Huvudupphov: Dominique Lapierre
Materialtyp: Bok
Språk:odefinierat språk
Utgiven: Club Degli Editori
Taggar: Lägg till en tagg
Inga taggar, Lägg till första taggen!

MARC

LEADER 00000nam a2200000Ia 4500
001 R-1658
003 CODICE-MESSINA
005 20260212102511.0
008 260211s9999 xx 000 0 und d
040 |c importazione_messina 
100 |a Dominique Lapierre 
245 0 |a Il Quinto Cavaliere 
245 0 |b Romanzo 
260 |b Club Degli Editori 
942 |2 ddc  |c BK 
952 |0 0  |1 0  |2 ddc  |4 0  |6 SCAFFALE_16_000000000000000__STANZA_2  |7 0  |9 32498  |a ME  |b ME  |d 2026-02-11  |l 0  |o SCAFFALE 16 - STANZA 2  |p R-1658  |r 2026-02-11 23:53:13  |w 2026-02-11  |x [REVISIONARE]  |y BK 
999 |c 28165  |d 28165